Normal view
MARC view
Entry Personal Name
001 - CONTROL NUMBER
- control field: 262467
003 - CONTROL NUMBER IDENTIFIER
- control field: OSt
005 - DATE AND TIME OF LATEST TRANSACTION
- control field: 20260423142721.0
008 - FIXED-LENGTH DATA ELEMENTS
- fixed length control field: 260423|| aca||aabn | a|a d
040 ## - CATALOGING SOURCE
- Original cataloging agency: OSt
- Transcribing agency: OSt
100 ## - HEADING--PERSONAL NAME
- Personal name: VIJAYA.
- Dates associated with a name: ವಿಜಯ
670 ## - SOURCE DATA FOUND
- Source citation: Work cat.: (OSt)88891: VIJAYA. ವಿಜಯ, Kalamandirada Aa. Na. Subbarayaru., 1984